"7 vs. Wild" Teilnehmer - Statistiken

Allgemein
  • Dieses Quiz wurde 390 mal gespielt
    32 seit der letzten Aktualisierung
  • Das Durchschnittsergebnis liegt bei 17 aus 35
Antwortstatistiken
Staffel Teilnehmer % Korrekt
2,3 Jens „Knossi“ Knossalla
97%
1,2,3 Fritz Meinecke
90%
1,3 Martin „Survival Mattin“ Rudloff
77%
4,5 Joe Vogel
74%
3,4 Joey Kelly
74%
2,3 Sascha Huber
74%
3 Dominik „Reeze“ Reezmann
71%
4 Hugo „LetsHugo“ Goedert
71%
3 Kevin „Papaplatte“ Teller
71%
3 Maximilian „Trymacs“ Stemmler
71%
2 Antonia „starletnova“
68%
2 Ottogerd „Bulletproof“ Karasch
68%
3 Wieland Emilian „Rumathra“ Welte
68%
3 Ann-Kathrin „Affe auf Bike“ Bendixen
65%
4 Sandra „selfiesandra“ Safiulov
65%
5 Fibi Pfeifer
61%
4 Julia „Julia Beautx“ Willecke
61%
1 David „Dave“ Henrichs
58%
3 Jan „Jan Schlappen“ Lange
48%
4 Uwe „Flying Uwe“ Schüder
48%
2 Joris „joris_rdy“
45%
1 Fabio Schäfer
35%
2 Sabrina „Sabrina Outdoor“ Camlott
35%
4 Stefan „SurvivalDeutschland“ Hinkelmann
32%
5 Jeannine Michaelsen
26%
1 Niklas „Niklas on fire“ Röder
26%
3 Andreas „Andy“ Schulze
23%
1 Christian „RELOADIAK“ Nosty
23%
1 Pascal „Bommel“ Bommert
23%
5 David Leichtle
16%
3 Gerrit Rösel
16%
3 Hannah Assil
16%
5 Imke Salander
13%
5 Lucas „Avive“ Michels
13%
5 Kris Grippo
10%
Keine übereinstimmenden Quizze gefunden
Verteilung der Resultate
Anzahl Personen mit jedem Resultat
Perzentil nach korrekt beantworteten Fragen
Ihre Resultats-Entwicklung
Sie haben dieses Quiz seit der letzten Aktualisierung nicht gespielt